London Tara Hotel Limited v Kensington Close Hotel Limited (Record no. 83084)
[ view plain ]
| 000 -LEADER | |
|---|---|
| fixed length control field | 01500cad a22002415a 4500 |
| 001 - CONTROL NUMBER | |
| control field | L152778 |
| 008 - FIXED-LENGTH DATA ELEMENTS--GENERAL INFORMATION | |
| fixed length control field | 110426e20101101xxk 000 0 eng d |
| 035 ## - SYSTEM CONTROL NUMBER | |
| System control number | (Sirsi) u152778 |
| 041 0# - LANGUAGE CODE | |
| Language code of text/sound track or separate title | eng |
| 245 00 - TITLE STATEMENT | |
| Title | London Tara Hotel Limited v Kensington Close Hotel Limited |
| 260 ## - PUBLICATION, DISTRIBUTION, ETC. | |
| Date of publication, distribution, etc. | 2010 |
| 520 ## - SUMMARY, ETC. | |
| Summary, etc. | [2010] EWHC 2749 (Ch), 1 November 2010. Considers whether a hotel had the right to use a private service road owned by another hotel for its deliveries. A 1973 licence between the then owners of the site of the claimant London Tara Hotel (L) and the defendant Kensington Close Hotel (K) allowed K to use the road but this right did not benefit successor owners of K. In 2007 L informed K it had no right of access and sought a restraining injunction. K argued that it had established an easement based on 20 years' use of the road. "Held": HC found that K had a prescriptive right to use the road because it had used the road for 20 years without using force or stealth |
| 590 ## - LOCAL NOTE (RLIN) | |
| Local note | KA |
| 650 24 - SUBJECT ADDED ENTRY--TOPICAL TERM | |
| Topical term or geographic name entry element | LONDON TARA HOTEL LTD V KENSINGTON CLOSE HOTEL LTD |
| 650 24 - SUBJECT ADDED ENTRY--TOPICAL TERM | |
| Topical term or geographic name entry element | R V OXFORDSHIRE CC AND ANOTHER EX P SUNNINGWELL PARISH COUNCIL |
| 650 24 - SUBJECT ADDED ENTRY--TOPICAL TERM | |
| Topical term or geographic name entry element | R (BERESFORD) V SUNDERLAND CITY COUNCIL |
| 650 24 - SUBJECT ADDED ENTRY--TOPICAL TERM | |
| Topical term or geographic name entry element | R (LEWIS) V REDCAR AND CLEVELAND BC |
| 650 24 - SUBJECT ADDED ENTRY--TOPICAL TERM | |
| Topical term or geographic name entry element | PRESCRIPTION ACT 1832 S2 |
| 651 #4 - SUBJECT ADDED ENTRY--GEOGRAPHIC NAME | |
| Geographic name | England and Wales |
| Chronological subdivision | 1543- |
| 690 ## - LOCAL SUBJECT ADDED ENTRY--TOPICAL TERM (OCLC, RLIN) | |
| Topical term or geographic name as entry element | Boundary disputes |
| 9 (RLIN) | 6221 |
| 856 40 - ELECTRONIC LOCATION AND ACCESS | |
| Uniform Resource Identifier | <a href="https://www.bailii.org/ew/cases/EWHC/Ch/2010/2749.html">https://www.bailii.org/ew/cases/EWHC/Ch/2010/2749.html</a> |
| Public note | View the law report free of charge at www.bailii.org |
| 942 ## - ADDED ENTRY ELEMENTS (KOHA) | |
| Suppress in OPAC | 0 |
| Withdrawn status | Lost status | Source of classification or shelving scheme | Damaged status | Not for loan | Home library | Current library | Shelving location | Date acquired | Total Checkouts | Full call number | Barcode | Date last seen | Copy number | Price effective from | Koha item type |
|---|---|---|---|---|---|---|---|---|---|---|---|---|---|---|---|
| Dewey Decimal Classification | Virtual | Virtual | Online | 26/04/2011 | ONLINE PUBLICATION | 152778-2001 | 06/08/2019 | 1 | 06/08/2019 | Law report |